00199nam a2200085Ia 4500008004100000041000800041100001600049245002200065260002600087231212s1990 xx 000 0 und d aeng aAndrew S.T. aComputer Networks aBombaybTata Mcc1990